<?xml version="1.0" encoding="UTF-8"?>
<record
    xmlns:xsi="http://www.w3.org/2001/XMLSchema-instance"
    xsi:schemaLocation="http://www.loc.gov/MARC21/slim http://www.loc.gov/standards/marcxml/schema/MARC21slim.xsd"
    xmlns="http://www.loc.gov/MARC21/slim">

  <leader>00787nam a22001577a 4500</leader>
  <controlfield tag="003">OSt</controlfield>
  <controlfield tag="005">20151218103450.0</controlfield>
  <controlfield tag="008">151218b        xxu||||| |||| 00| 0 eng d</controlfield>
  <datafield tag="040" ind1=" " ind2=" ">
    <subfield code="c">RUA </subfield>
  </datafield>
  <datafield tag="082" ind1=" " ind2=" ">
    <subfield code="a">AED CHH 2008 B227 Or.1</subfield>
  </datafield>
  <datafield tag="100" ind1=" " ind2=" ">
    <subfield code="9">5105</subfield>
    <subfield code="a">CHHEN NA VIN; &#x1788;&#x17B7;&#x1793; &#x178E;&#x17B6;&#x179C;&#x17B8;&#x1793;</subfield>
  </datafield>
  <datafield tag="245" ind1=" " ind2=" ">
    <subfield code="a">The study on village development commitee in somleng project of ponleu ney kdey sangkhum in borseth district,kampong speu province, &#x1780;&#x17B6;&#x179A;&#x179F;&#x17B7;&#x1780;&#x17D2;&#x179F;&#x17B6;&#x17A2;&#x17C6;&#x1796;&#x17B8;&#x1782;&#x178E;&#x17C8;&#x1780;&#x1798;&#x17D2;&#x1798;&#x17B6;&#x1792;&#x17B7;&#x1780;&#x17B6;&#x179A;&#x17A2;&#x1797;&#x17B7;&#x179C;&#x178C;&#x17D2;&#x178D;&#x1793;&#x17CD;&#x1797;&#x17BC;&#x1798;&#x17B7;&#x1780;&#x17D2;&#x1793;&#x17BB;&#x1784;&#x1780;&#x17D2;&#x178A;&#x17B8;&#x179F;&#x1784;&#x17D2;&#x1783;&#x17B9;&#x1798; &#x1793;&#x17C5;&#x1780;&#x17D2;&#x1793;&#x17BB;&#x1784;&#x179F;&#x17D2;&#x179A;&#x17BB;&#x1780;&#x1794;&#x179A;&#x179F;&#x17C1;&#x178A;&#x17D2;&#x178B; &#x1781;&#x17C1;&#x178F;&#x17D2;&#x178F;&#x1780;&#x17C6;&#x1796;&#x1784;&#x17CB;&#x179F;&#x17D2;&#x1796;&#x17BA;</subfield>
  </datafield>
  <datafield tag="260" ind1=" " ind2=" ">
    <subfield code="a">Phnom Penh </subfield>
    <subfield code="b">RUA </subfield>
    <subfield code="c">2008</subfield>
  </datafield>
  <datafield tag="300" ind1=" " ind2=" ">
    <subfield code="a">x; 44p.</subfield>
    <subfield code="b">ill.</subfield>
    <subfield code="c">29cm.</subfield>
  </datafield>
  <datafield tag="942" ind1=" " ind2=" ">
    <subfield code="2">ddc</subfield>
    <subfield code="c">AED</subfield>
  </datafield>
  <datafield tag="999" ind1=" " ind2=" ">
    <subfield code="c">4751</subfield>
    <subfield code="d">4751</subfield>
  </datafield>
  <datafield tag="952" ind1=" " ind2=" ">
    <subfield code="0">0</subfield>
    <subfield code="1">0</subfield>
    <subfield code="2">ddc</subfield>
    <subfield code="4">0</subfield>
    <subfield code="6">AED_CHH_2008_000000000000000_B227_OR_1</subfield>
    <subfield code="7">0</subfield>
    <subfield code="9">24524</subfield>
    <subfield code="a">LBB</subfield>
    <subfield code="b">LBB</subfield>
    <subfield code="c">B227</subfield>
    <subfield code="d">2015-12-18</subfield>
    <subfield code="o">AED CHH 2008 B227 Or.1</subfield>
    <subfield code="p">RUA012650</subfield>
    <subfield code="r">2015-12-18</subfield>
    <subfield code="w">2015-12-18</subfield>
    <subfield code="y">AED</subfield>
  </datafield>
  <datafield tag="952" ind1=" " ind2=" ">
    <subfield code="0">0</subfield>
    <subfield code="1">0</subfield>
    <subfield code="2">ddc</subfield>
    <subfield code="4">0</subfield>
    <subfield code="6">AED_CHH_2008_000000000000000_B227_OR_2</subfield>
    <subfield code="7">0</subfield>
    <subfield code="9">24525</subfield>
    <subfield code="a">LBB</subfield>
    <subfield code="b">LBB</subfield>
    <subfield code="c">B227</subfield>
    <subfield code="d">2015-12-18</subfield>
    <subfield code="o">AED CHH 2008 B227 Or.2</subfield>
    <subfield code="p">RUA032544</subfield>
    <subfield code="r">2015-12-18</subfield>
    <subfield code="w">2015-12-18</subfield>
    <subfield code="y">AED</subfield>
  </datafield>
  <datafield tag="952" ind1=" " ind2=" ">
    <subfield code="0">0</subfield>
    <subfield code="1">0</subfield>
    <subfield code="2">ddc</subfield>
    <subfield code="4">0</subfield>
    <subfield code="6">AED_CHH_2008_000000000000000_B227_OR_3</subfield>
    <subfield code="7">0</subfield>
    <subfield code="9">24526</subfield>
    <subfield code="a">LBB</subfield>
    <subfield code="b">LBB</subfield>
    <subfield code="c">B227</subfield>
    <subfield code="d">2015-12-18</subfield>
    <subfield code="l">1</subfield>
    <subfield code="o">AED CHH 2008 B227 Or.3</subfield>
    <subfield code="p">RUA032859</subfield>
    <subfield code="r">2019-10-08</subfield>
    <subfield code="s">2016-04-20</subfield>
    <subfield code="w">2015-12-18</subfield>
    <subfield code="y">AED</subfield>
  </datafield>
  <datafield tag="952" ind1=" " ind2=" ">
    <subfield code="0">0</subfield>
    <subfield code="1">0</subfield>
    <subfield code="2">ddc</subfield>
    <subfield code="4">0</subfield>
    <subfield code="6">AED_CHH_2008_000000000000000_B227_OR_4</subfield>
    <subfield code="7">0</subfield>
    <subfield code="9">24527</subfield>
    <subfield code="a">LBB</subfield>
    <subfield code="b">LBB</subfield>
    <subfield code="c">B227</subfield>
    <subfield code="d">2015-12-18</subfield>
    <subfield code="o">AED CHH 2008 B227 Or.4</subfield>
    <subfield code="p">RUA034701</subfield>
    <subfield code="r">2015-12-18</subfield>
    <subfield code="w">2015-12-18</subfield>
    <subfield code="y">AED</subfield>
  </datafield>
  <datafield tag="952" ind1=" " ind2=" ">
    <subfield code="0">0</subfield>
    <subfield code="1">0</subfield>
    <subfield code="2">ddc</subfield>
    <subfield code="4">0</subfield>
    <subfield code="6">AED_CHH_2008_000000000000000_B227_OR_5</subfield>
    <subfield code="7">0</subfield>
    <subfield code="9">24528</subfield>
    <subfield code="a">LBB</subfield>
    <subfield code="b">LBB</subfield>
    <subfield code="c">B227</subfield>
    <subfield code="d">2015-12-18</subfield>
    <subfield code="o">AED CHH 2008 B227 Or.5</subfield>
    <subfield code="p">RUA031412</subfield>
    <subfield code="r">2015-12-18</subfield>
    <subfield code="w">2015-12-18</subfield>
    <subfield code="y">AED</subfield>
  </datafield>
  <datafield tag="952" ind1=" " ind2=" ">
    <subfield code="0">0</subfield>
    <subfield code="1">0</subfield>
    <subfield code="2">ddc</subfield>
    <subfield code="4">0</subfield>
    <subfield code="6">AED_CHH_2008_000000000000000_B227_OR_6</subfield>
    <subfield code="7">0</subfield>
    <subfield code="9">24529</subfield>
    <subfield code="a">LBB</subfield>
    <subfield code="b">LBB</subfield>
    <subfield code="c">B227</subfield>
    <subfield code="d">2015-12-18</subfield>
    <subfield code="l">1</subfield>
    <subfield code="m">1</subfield>
    <subfield code="o">AED CHH 2008 B227 Or.6</subfield>
    <subfield code="p">RUA031065</subfield>
    <subfield code="r">2016-04-28</subfield>
    <subfield code="s">2016-04-07</subfield>
    <subfield code="w">2015-12-18</subfield>
    <subfield code="y">AED</subfield>
  </datafield>
  <datafield tag="952" ind1=" " ind2=" ">
    <subfield code="0">0</subfield>
    <subfield code="1">0</subfield>
    <subfield code="2">ddc</subfield>
    <subfield code="4">0</subfield>
    <subfield code="6">AED_CHH_2008_000000000000000_B227_OR_7</subfield>
    <subfield code="7">0</subfield>
    <subfield code="9">24530</subfield>
    <subfield code="a">LBB</subfield>
    <subfield code="b">LBB</subfield>
    <subfield code="c">B227</subfield>
    <subfield code="d">2015-12-18</subfield>
    <subfield code="o">AED CHH 2008 B227 Or.7</subfield>
    <subfield code="p">RUA031684</subfield>
    <subfield code="r">2015-12-18</subfield>
    <subfield code="w">2015-12-18</subfield>
    <subfield code="y">AED</subfield>
  </datafield>
  <datafield tag="952" ind1=" " ind2=" ">
    <subfield code="0">0</subfield>
    <subfield code="1">0</subfield>
    <subfield code="2">ddc</subfield>
    <subfield code="4">0</subfield>
    <subfield code="6">AED_CHH_2008_000000000000000_B227_OR_8</subfield>
    <subfield code="7">0</subfield>
    <subfield code="9">24531</subfield>
    <subfield code="a">LBB</subfield>
    <subfield code="b">LBB</subfield>
    <subfield code="c">B227</subfield>
    <subfield code="d">2015-12-18</subfield>
    <subfield code="o">AED CHH 2008 B227 Or.8</subfield>
    <subfield code="p">RUA031221</subfield>
    <subfield code="r">2015-12-18</subfield>
    <subfield code="w">2015-12-18</subfield>
    <subfield code="y">AED</subfield>
  </datafield>
  <datafield tag="952" ind1=" " ind2=" ">
    <subfield code="0">0</subfield>
    <subfield code="1">0</subfield>
    <subfield code="2">ddc</subfield>
    <subfield code="4">0</subfield>
    <subfield code="6">AED_CHH_2008_000000000000000_B227_OR_9</subfield>
    <subfield code="7">0</subfield>
    <subfield code="9">24532</subfield>
    <subfield code="a">LBB</subfield>
    <subfield code="b">LBB</subfield>
    <subfield code="c">B227</subfield>
    <subfield code="d">2015-12-18</subfield>
    <subfield code="o">AED CHH 2008 B227 Or.9</subfield>
    <subfield code="p">RUA031322</subfield>
    <subfield code="r">2015-12-18</subfield>
    <subfield code="w">2015-12-18</subfield>
    <subfield code="y">AED</subfield>
  </datafield>
  <datafield tag="952" ind1=" " ind2=" ">
    <subfield code="0">0</subfield>
    <subfield code="1">0</subfield>
    <subfield code="2">ddc</subfield>
    <subfield code="4">0</subfield>
    <subfield code="6">AED_CHH_2008_000000000000000_B227_OR_10</subfield>
    <subfield code="7">0</subfield>
    <subfield code="9">24533</subfield>
    <subfield code="a">LBB</subfield>
    <subfield code="b">LBB</subfield>
    <subfield code="c">B227</subfield>
    <subfield code="d">2015-12-18</subfield>
    <subfield code="o">AED CHH 2008 B227 Or.10</subfield>
    <subfield code="p">RUA031314</subfield>
    <subfield code="r">2015-12-18</subfield>
    <subfield code="w">2015-12-18</subfield>
    <subfield code="y">AED</subfield>
  </datafield>
</record>
